Statistiques concernant Villes françaises à partir d'une image

Cliquez ici pour prendre le quiz!

Statistiques générales

  • Ce quiz a été pris 228 fois
  • Le résultat moyen est 8 sur 12

Statistiques - réponses

Réponse% Correct
Paris
99%
Marseille
93%
Nice
88%
Bordeaux
84%
Strasbourg
83%
Lyon
74%
Toulouse
73%
Lille
64%
La Rochelle
57%
Grenoble
55%
Montpellier
36%
Clermont-Ferrand
19%

Distribution des résultats

Percentile par nombre de réponses

% des personnes avec chaque résultat

Votre développement - résultats

Vous n’avez pas pris ce quiz